• 首页
  • 本馆介绍
  • 公告通知
  • 最新文献
  • 馆藏检索
  • 电子资源
  • 读者导购
  • 参考咨询
  • 我的图书馆
  • 登录
  • 详细信息显示
  • 放入我的书架
  • 预约/预借图书
  • 作者相关作品
  • 分类相关作品
  • 丛书相关作品
  • 出版社相关作品

书目信息

  • 表格格式
  • 工作单格式
  • 卡片格式
题名:
当代托洛茨基主义
    
 
作者: 吕佳翼 著
分册:  
出版信息: 北京   中国社会科学出版社  2016
页数: 16,216页
开本: 24cm
丛书名: 浙江省哲学社会科学规划后期资助课题成果文库
单 册:
中图分类: D169
科图分类:
主题词:
电子资源:
ISBN: 978-7-5161-8799-9
000 01275nam0 22002771 450
001 1738595682
005 20170627164614.0
010    @a978-7-5161-8799-9@dCNY56.00
100    @a20161228d2016 kemy0chiy50 ea
101 0  @achi
102    @aCN@b110000
105    @aa z 000yy
106    @ar
200 1  @a当代托洛茨基主义@9dang dai tuo luo ci ji zhu yi@e埃内斯特·曼德尔思想研究@f吕佳翼著
210    @a北京@c中国社会科学出版社@d2016
215    @a16,216页@c照片@d24cm
225 2  @a浙江省哲学社会科学规划后期资助课题成果文库@9zhe jiang sheng zhe xue she hui ke xue gui hua hou qi zi zhu ke ti cheng guo wen ku
300    @a2015年度浙江省哲学社会科学规划课题“当代托洛茨基主义——埃内斯特·曼德尔思想研究”的最终成果
330    @a本书内容包括:托洛茨基主义的基本理论;“第四国际”与曼德尔;“晚期资本主义”的概念与方法;曼德尔的长波理论与晚期资本主义平均利润率的长期增长;晚期资本主义的主要面貌与基本矛盾;晚期资本主义与新殖民主义等。
461  0 @12001 @a浙江省哲学社会科学规划后期资助课题成果文库
517 1  @a埃内斯特·曼德尔思想研究@9ai nei si te man de er si xiang yan jiu
600  0 @a曼德尔@9man de er@c(Mandel, E.)@x思想评论
690    @aD169@v5
701  0 @a吕佳翼@9lv jia yi@4著
801  0 @aCN@bTANGWEI@c20170621
905    @b1015603-8@dD169@e20@f6
    
    当代托洛茨基主义:埃内斯特·曼德尔思想研究/吕佳翼著 .-北京:中国社会科学出版社,2016
    16,216页:照片;24cm.-(浙江省哲学社会科学规划后期资助课题成果文库)
    2015年度浙江省哲学社会科学规划课题“当代托洛茨基主义——埃内斯特·曼德尔思想研究”的最终成果
    
    ISBN 978-7-5161-8799-9:CNY56.00
    本书内容包括:托洛茨基主义的基本理论;“第四国际”与曼德尔;“晚期资本主义”的概念与方法;曼德尔的长波理论与晚期资本主义平均利润率的长期增长;晚期资本主义的主要面貌与基本矛盾;晚期资本主义与新殖民主义等。
●
相关链接 在E读中查询图书 在五车中查询图书 在当当中查询图书 在豆瓣中查询图书


正题名:当代托洛茨基主义     索取号:D169/20         预约/预借

序号 登录号 条形码 馆藏地/架位号 状态 备注
1 1015603   210156034   第一样本阅览室/ [索取号:D169/20] 在馆    
2 1015604   210156043   教育系资料室/ [索取号:D169/20] 在馆    
3 1015605   210156052   教育系资料室/ [索取号:D169/20] 在馆    
4 1015606   210156061   教育系资料室/ [索取号:D169/20] 在馆    
5 1015607   210156070   第一借阅区/ [索取号:D169/20] 在馆    
6 1015608   210156089   第一借阅区/ [索取号:D169/20] 在馆    
唐山师范学院图书馆 欢迎您!
大连网信软件有限公司© 版权所有